书目信息 |
| 题名: |
山茶的情书
|
|
| 作者: | 小川糸 著 ;廖雯雯 译 | |
| 分册: | ||
| 出版信息: | 长沙 湖南文艺出版社 2025.02 |
|
| 页数: | 346页 | |
| 开本: | 21cm | |
| 丛书名: | ||
| 单 册: | ||
| 中图分类: | I313.45 | |
| 科图分类: | ||
| 主题词: | 长篇小说--日本--现代 | |
| 电子资源: | ||
| ISBN: | 978-7-5726-2191-8 | |
| 000 | 01228nam0 2200253 450 | |
| 001 | 01192249 | |
| 005 | 20251022142104.25 | |
| 010 | @a978-7-5726-2191-8@dCNY56.00 | |
| 100 | @a20250114d2025 em y0chiy0120 ea | |
| 101 | 1 | @achi@cjpn |
| 102 | @aCN@b430000 | |
| 105 | @aa z 000ay | |
| 106 | @ar | |
| 200 | 1 | @a山茶的情书@9shan cha de qing shu@f(日)小川糸著@g廖雯雯译 |
| 210 | @a长沙@c湖南文艺出版社@d2025.02 | |
| 215 | @a346页@c图@d21cm | |
| 314 | @a小川糸,日本知名作家。处女作《蜗牛食堂》在日本畅销100万册,2010年被改编成电影,由知名演员柴崎幸主演。《蜗牛食堂》荣获 2011年意大利书报亭文学奖,2013年法国欧仁妮·布拉泽大奖。 | |
| 330 | @a在镰仓一座小山的山麓,鸠子经营着代笔屋。最近,忙于家务与育儿的她,终于重开店铺。出人意料的代笔委托接连出现在她面前,这其中,有遭受不公正待遇、被逼辞职的职员的退职申请,有不久于人世的母亲给即将出嫁的女儿的书信,有给不肯归还驾驶证的年迈父亲的信件......桩桩件件,皆是无法当面直说、在邮件中会变得乏味,只能通过书信传达之事。这时,她意外发现了前任代笔人隐藏的秘密情书...... | |
| 606 | 0 | @a长篇小说@y日本@z现代 |
| 690 | @aI313.45@v5 | |
| 701 | 0 | @c(日)@a小川糸@9xiao chuan mi@4著 |
| 702 | 0 | @a廖雯雯@9liao wen wen@4译 |
| 801 | 0 | @aCN@c20250911 |
| 905 | @a河南城建学院图书馆@dI313.45@eX374@ZX374@f1 | |
| 山茶的情书/(日)小川糸著/廖雯雯译.-长沙:湖南文艺出版社,2025.02 |
| 346页:图;21cm |
| ISBN 978-7-5726-2191-8:CNY56.00 |
| 在镰仓一座小山的山麓,鸠子经营着代笔屋。最近,忙于家务与育儿的她,终于重开店铺。出人意料的代笔委托接连出现在她面前,这其中,有遭受不公正待遇、被逼辞职的职员的退职申请,有不久于人世的母亲给即将出嫁的女儿的书信,有给不肯归还驾驶证的年迈父亲的信件......桩桩件件,皆是无法当面直说、在邮件中会变得乏味,只能通过书信传达之事。这时,她意外发现了前任代笔人隐藏的秘密情书...... |
| ● |
| 相关链接 |
|
|
|
正题名:山茶的情书
索取号:I313.45/X374
 
预约/预借
| 序号 | 登录号 | 条形码 | 馆藏地/架位号 | 状态 | 备注 |
| 1 | 1636028 | 216360284 | 文学库116/116文学库 15排1列6层/ [索取号:I313.45/X374] | 在馆 |